Which song has more streams on Spotify ? - Statistics

General Stats
  • This quiz has been taken 44 times
  • The average score is 7 of 15
Answer Stats
Question Answer % Correct
Ed Sheeran or The Weeknd Blinding Lights
76%
Queen vs Avicii Bohemian Rhapsody
64%
Taylor Swift or Justin Bieber Cruel Summer
60%
Taylor Swift vs Lady Gaga Shake It Off
60%
Imagine Dragons vs Billie Eilish Lovely
56%
Glass Animals vs Kendrick Lamar Heat Waves
48%
Nirvana vs Wiz Khalifa Smells Like Teen Spirit
44%
Luis Fonsi or The Kid LAROI Stay
44%
Eminem vs Ariana Grande 7 Rings
36%
Camila Cabello vs Mark Ronson ft. Bruno Mars Havana
36%
Macklemore vs Coldplay Can't Hold Us
32%
Oasis vs French Montana Unforgettable
32%
The Police vs Travis Scott Every Breath You Take
28%
Coldplay vs Drake Yellow
28%
Adele vs Mariah Carey Someone Like You
16%
No matching quizzes found
Score Distribution
Percent of People with Each Score
Percentile by Number Answered
Your Score History
You have not taken this quiz